000 00711nam a22002057a 4500
003 OSt
005 20220318150216.0
008 220318q2014 ck a|||jr|||| 00| j spa d
040 _aCO-JMCR
_cCO-JMCR
041 0 _aspa
082 0 4 _aH /
_bPASp1
110 1 _aAgencia Colombiana para la Reintegración
_941968
245 1 0 _aPaso a paso construimos paz /
_cAgencia Colombiana para la Reintegración
260 _a[Bogotá] :
_bAgencia Colombiana para la Reintegración,
_c[2014?]
300 _a[28 páginas] :
_bprincipalmente ilustraciones a color ;
_c25 cm.
650 1 4 _aNovela colombiana
_ySiglo XX
_914002
650 2 4 _aNovela gráfica
_95630
650 2 4 _aPaz
_vNovela
_zColombia
_941969
942 _2ddc
_cBK
999 _c15838
_d15838